Teaching thinking skills : mathematics /

Bibliographic Details
Corporate Author: NEA Mastery in Learning Project
Other Authors: Heiman, Marcia
Format: Book
Language:English
Published: Washington, D.C. : NEA Professional Library, National Education Association, [1987]
Series:Building students' thinking skills.
Subjects:

MARC

Tag First Indicator Second Indicator Subfields
LEADER 00000cam a2200000 a 4500
001 in00000026113
005 20151007055819.0
008 870225s1987 dcua b 00000 eng
010 |a  87005654  
020 |a 0810602032 (pbk.) 
035 |a (OCoLC)15316149 
035 |9 AAB9327AM 
040 |a DLC  |c DLC  |d TXA  |d UtOrBLW 
049 |a TXAM  |c [A11495891] 
050 0 0 |a QA11  |b .T36 1987 
082 0 |a 510/.7  |2 19 
245 0 0 |a Teaching thinking skills :  |b mathematics /  |c Marcia Heiman [and others]. 
264 1 |a Washington, D.C. :  |b NEA Professional Library, National Education Association,  |c [1987] 
264 4 |c ©1987 
300 |a 48 pages :  |b illustrations ;  |c 23 cm. 
336 |a text  |b txt  |2 rdacontent 
337 |a unmediated  |b n  |2 rdamedia 
338 |a volume  |b nc  |2 rdacarrier 
490 1 |a Building students' thinking skills 
500 |a "Produced in cooperation with the NEA Mastery in Learning Project." 
504 |a Bibliography: pages 47-48. 
650 0 |a Mathematics  |x Study and teaching. 
650 0 |a Learning. 
700 1 |a Heiman, Marcia. 
710 2 |a NEA Mastery in Learning Project. 
740 0 |a Mathematics. 
830 0 |a Building students' thinking skills. 
999 |a MARS 
999 f f |s cc3b109c-9472-3da7-bc7a-27a98c2a1d60  |i b9c255ca-35df-31fe-8ad1-66c74740122f  |t 0 
952 f f |p ric  |a Texas A&M University  |b Rellis Campus  |c Joint Library Facility  |d Remote Storage  |t 0  |e QA11 .T36 1987  |h Library of Congress classification  |i unmediated -- volume  |m A14811495891 
998 f f |a QA11 .T36 1987  |t 0  |l Remote Storage